000 00553nam a2200193 i 4500
001 81049
003 ES-MaACL
005 20230906174345.0
007 t|
008 041102s1926 gw ||||1| ger d
100 1 _aHofmann, Johann Baptist.
_963961
245 1 0 _aLateinische Ungangssprache /
_cvon J.B. Hofmann.
260 _aHeidelberg :
_bCarl Winters,
_c1926.
300 _aXVI, 184 p. ;
_c19 cm.
490 1 _aIndogermanische Bibliotek
830 0 _aIndogermanische Bibliotek
_9231520
852 _aES-MaACL
_jB-11932
999 _c81049
_d81049